Write exactly what you mean (Record no. 76864)
[ view plain ]
| 000 -LEADER | |
|---|---|
| fixed length control field | 01259cab a2200193 4500 |
| 001 - CONTROL NUMBER | |
| control field | ##L133210 |
| 008 - FIXED-LENGTH DATA ELEMENTS--GENERAL INFORMATION | |
| fixed length control field | 060420n2006 000 0 eng u |
| 035 ## - SYSTEM CONTROL NUMBER | |
| System control number | (Sirsi) u133210 |
| 041 0# - LANGUAGE CODE | |
| Language code of text/sound track or separate title | eng |
| 100 1# - MAIN ENTRY--PERSONAL NAME | |
| Personal name | Button, Roger |
| 245 00 - TITLE STATEMENT | |
| Title | Write exactly what you mean |
| 260 ## - PUBLICATION, DISTRIBUTION, ETC. | |
| Date of publication, distribution, etc. | 2006 |
| 490 #0 - SERIES STATEMENT | |
| Series statement | Construction News |
| Volume/sequential designation | (6962) 13 April 2006, 48(1) |
| 520 ## - SUMMARY, ETC. | |
| Summary, etc. | Reports the facts of, and comments upon, Proforce Recruit Ltd v The Rugby Group Ltd ([2006] EWCA Civ 69, unreported), which revolved around the definition of the term preferred supplier status. The CA held that when construing a contract, a court has to consider the background to the transaction, including pre-contract negotiations, as well as the literal meaning of the words. Therefore, although the term had no generally accepted meaning, and was not defined in the contract, P could produce evidence from the negotiations to support its view of the meaning of the term. The implications are that those preparing contracts must include definitions of any expressions that do not have precise and generally accepted meanings. |
| 590 ## - LOCAL NOTE (RLIN) | |
| Local note | IKA250406 |
| 650 24 - SUBJECT ADDED ENTRY--TOPICAL TERM | |
| Topical term or geographic name entry element | PROFORCE RECRUIT LTD V THE RUGBY GROUP LTD |
| 690 ## - LOCAL SUBJECT ADDED ENTRY--TOPICAL TERM (OCLC, RLIN) | |
| Topical term or geographic name as entry element | MANAGEMENT-PROJECT MANAGEMENT-CONTRACT ADMINISTRATION |
| 942 ## - ADDED ENTRY ELEMENTS (KOHA) | |
| Suppress in OPAC | 0 |
| Withdrawn status | Lost status | Source of classification or shelving scheme | Damaged status | Not for loan | Home library | Current library | Shelving location | Date acquired | Total Checkouts | Full call number | Barcode | Date last seen | Copy number | Price effective from | Koha item type |
|---|---|---|---|---|---|---|---|---|---|---|---|---|---|---|---|
| Dewey Decimal Classification | London | London | Journal article | 20/04/2006 | L133210 | 133210-1001 | 06/08/2019 | 1 | 06/08/2019 | Journal article |